Countries Closest to the Titanic - Statistics

General Stats
  • This quiz has been taken 353 times
  • The average score is 17 of 24
Answer Stats
km Country % Correct
601 Canada
99%
1,419 United States
99%
3,355 United Kingdom
93%
3,552 France
88%
3,159 Ireland
88%
3,381 Portugal
84%
3,217 Spain
84%
3,019 Iceland
80%
3,294 Cuba
78%
2,986 Bahamas
71%
3,094 Dominica
69%
3,194 Haiti
69%
3,620 Jamaica
69%
3,077 Dominican Republic
63%
3,283 Barbados
62%
2,961 St. Kitts and Nevis
60%
3,324 St. Vincent and the Grenadines
60%
3,519 Trinidad and Tobago
60%
2,892 Antigua and Barbuda
59%
3,240 St. Lucia
59%
3,459 Grenada
57%
3,669 Morocco
56%
3,645 Venezuela
42%
3,601 Cape Verde
33%
No matching quizzes found
Score Distribution
Percent of People with Each Score
Percentile by Number Answered
Your Score History
You have not taken this quiz